01874agaaa2200313 45000010005000000030009000050050017000140070009000310080040000400400023000800410013001031000050001161300028001662400025001942450213002192460018004322500022004502600093004723000033005655080161005985110084007595200454008435380016012975460013013136500053013267000062013797000064014417000055015051459IT-RoPAU20220918181226.0d cvaizq50131s9999||||xx ||| | || ||und|| aIT-RoPAUcIT-RoPAU aITALIANO aBogdanovich PetergCodice regista SPICS: 9073 aMA PAPA' TI MANDA SOLA? aWHAT'S UP DOCgT1212 aMA PAPA' TI MANDA SOLA?cProdotto da: Bogdanovich Peter -- Sceneggiatura: Henry Buck Newman David Benton Robert -- Diretto da: Bogdanovich PeterpMA PAPA' TI MANDA SOLA? (Rif. Codice opera principale : 21459) aWHAT'S UP DOC aEdizione Standard a(USA)bWARNER BROS / Distribuzione: RAIg"1972 (1° ed.: 1982 ; Ed. Lingua Orig.: 1972)" aVHSbsonoro, col.c95 minuti a"Fotografia: Kovacs Laszlo; Montaggio: Fields Verna; Musica: Butler Artie; Sceneggiatura: Henry Buck Newman David Benton Robert; Scenografia: Platt Polly; " a"Streisand Barbra; O'Neal Ryan; Mars Kenneth; Pendleton Austin; Brooke Sorrell" aCOMMEDIA UMORISTICA HOWARD-MUSICOLOGO-GIUNGE-A-SAN-FRANCISCO-CON-LA-FIDANZATA-EUNICE-PER-CONCORRERE-AD-UN-COSPICUO-PREMIO-DELLA-FONDAZIONE-LARRABEE INSEGUIMENTO-DI-DUE-VALIGIE-UNA-CONTENETE-DOCUMENTI-SEGRETI-L'ALTRA-GIOIELLIBARBRA-STREISAND-NELLA-PARTE-DI-JUDY-MARWELL-RAGAZZA-SVITATA-E-INTRAPRENDENTE FILM UMORISTICO A COLORI DISTRIBUITO DALLA DEAR INTERNATIONAL FRA GLI ALTRI INTERPRETI GIERASCH/STEFAN ALBERTSON/MABEL MURPHY/MICHAEL JARVIS/GRAHAM aPAL, STEREO aITALIANO aUMORISTICOeFILMS []xCodice MATERIA SPICS: 9960 aBogdanovich Peter e(regista)gCodice regista SPICS: 9073 aBogdanovich Peter e(soggetto)gCodice Soggetto SPICS: 9073 aButler Artiee(musica)gCodice Musica SPICS: 28796